=LDR 00000nam 2200000 4500 =001 INLIS000000000035416 =005 20140702135132.0 =006 =007 =008 ind =035 ##$$a 0010-061300000035416 =041 ##$$a ind =082 ##$$a 813 =090 ##$$a 813, son s =100 ##$$a Sones, Sonya =245 ##$$a Salah satu buku mengerikan yang tokoh ibunya mati, Sonya snes;Alih Bahasa,Rosa,Lianita Simamora =260 ##$$a 2007 $b Jakarta =300 ##$$a 275 hlm, 20 cm =650 ##$$a Fiksi Dewasa Indonesia =700 ##$$a Rosi =850 ##$$a NBPNMAT =990 ##$$a 21196006/BPAP-NTB/2014 =990 ##$$a 21400613/BPAP-NTB/20142014